La vida de Nuestro Señor Jesucristo
Збережено в:
| Автор: | |
|---|---|
| Формат: | Книга |
| Мова: | Іспанська |
| Опубліковано: |
Madrid
Antonio Pérez Dubrull
1865
|
| Редагування: | 2a. ed |
| Предмети: | |
| Теги: |
Додати тег
Немає тегів, Будьте першим, хто поставить тег для цього запису!
|
MARC
| LEADER | 00000cam a2200000 a 4500 | ||
|---|---|---|---|
| 001 | UCD1877 | ||
| 003 | CL-VaPUC | ||
| 008 | 160407e18650000sp |||||||||||||||||spa|d | ||
| 082 | 0 | 4 | |a 232 |b VEU |2 21 |
| 100 | 0 | |a Veuillot, Luis |e author |9 585030 | |
| 245 | 1 | 3 | |a La vida de Nuestro Señor Jesucristo |
| 250 | |a 2a. ed | ||
| 300 | |a 489 p | ||
| 942 | |c BK | ||
| 945 | |d 20160407 22:05:00 |a dcastane | ||
| 260 | |a Madrid |b Antonio Pérez Dubrull |c 1865 | ||
| 650 | 0 | |a Cristología |9 315091 | |
| 650 | 0 | |a Vida de Jesús |9 478097 | |
| 583 | |a last modification |c 20160407 22:05:00 |k Rodrigo Vera | ||
| 999 | |c 363085 |d 363083 | ||
| 952 | |0 0 |1 0 |3 erd |4 0 |6 232_000000000000000_VEU_1865 |7 0 |8 X |9 474840 |a BIBTEO |b BIBTEO |c TEO_FFR |i 5279399 |o 232 VEU 1865 |p 5279399 |r 2024-01-18 |w 2019-11-24 |y BK_X |z Catalogado en:20160407 |k OFM | ||